000 00455nam a2200169 i 4500
001 bg
100 1 _aCHARNIAK, Eugene
245 0 _aIntroduction to artificial intelligence /
_cE. Charniak, D. McDermott.
260 _aReading :
_bAddison-Wesley,
_c1985.
650 9 _aInteligencja sztuczna
700 1 _aMcDERMOTT, Drew
040 _cBPK
041 _apol
080 _a001.5:007:004.032
942 _cKS
008 s pl f |000 0 pol
999 _c23533
_d23533
856 _uhttp://koha.tu.koszalin.pl/cgi-bin/koha/opac-detail.pl?biblionumber=23533
_yKatalog online BPK